| 000 | 00796nam a22002177a 4500 | ||
|---|---|---|---|
| 005 | 20100823123651.0 | ||
| 010 | _aENG-101334 | ||
| 020 |
_a9788189833503 _c50.00 |
||
| 035 | _aEN-84867 | ||
| 037 | _bDBAD/PUB | ||
| 082 | _a324.268075 | ||
| 100 |
_aGhosh, Pothik _91461 |
||
| 245 |
_aAkhtaruzzaman Elias : _bBeyond the lived time of nationhood / _cby Pothik Ghosh |
||
| 260 |
_aDelhi _bAakar Books _c2008 |
||
| 270 |
_a28 E Pocket IV, Mayur Vihar Phase 1, _bDelhi _e110091 |
||
| 300 |
_a47 p. _c21cm (Pbk) |
||
| 500 | _aIncludes bibliographical references | ||
| 650 |
_aComnnuism _917203 |
||
| 942 |
_2ddc _cEN _h324.268075 _mGHO |
||
| 999 |
_c42981 _d42981 |
||